| 000 | 00644cam a22002171 4500 | ||
|---|---|---|---|
| 001 | ca 36000214 | ||
| 003 | DLC | ||
| 005 | 20260227111140.0 | ||
| 008 | 800219s1936 maua 000 0 eng | ||
| 010 | _aca 36000214 | ||
| 035 | _a(OCoLC)5996270 | ||
| 040 |
_aDLC _cOCl _dDLC |
||
| 042 | _apremarc | ||
| 050 | 0 | 0 |
_aPS3537.T67 _bO5 1936 |
| 082 | _a812.5 | ||
| 100 | 1 |
_aStone, James F., _d1898- |
|
| 245 | 1 | 0 |
_aOh, doctor! _bA farce comedy in three acts, _cby James F. Stone. |
| 260 |
_aBoston, Mass., _aLos Angeles, Cal. _b[Walter H. Baker company, _cc1936] |
||
| 300 |
_a2 p. l., [3]-124 p. _bdiagr. _c19 cm. |
||
| 490 | 0 | _aBaker's royalty plays | |
| 999 |
_c18036 _d18036 |
||